[Event "31. DSenEM2018-Gruppe-65"]
[Site "Radebeul"]
[Date "2019.04.27"]
[Round "2.75"]
[White "Schmidt, Hans-Gerd"]
[Black "Ollek, Karl-Heinz"]
[Result "1-0"]
[BlackElo "1626"]
[BlackTeam "SC Friesen Lichtenberg"]
[EventDate "2019.??.??"]
[PlyCount "45"]
[WhiteElo "1850"]
[WhiteTeam "TuS Coswig"]

1. e4 g6 2. d4 Bg7 3. c4 d6 4. Nc3 e5 5. Be3 exd4 6. Bxd4 Bxd4 7. Qxd4 Qf6 8.
Nf3 Qxd4 9. Nxd4 a6 10. Nd5 Kd8 11. O-O-O Nd7 12. Nf3 f6 13. Nd4 Nc5 14. f3 Ne6
15. Be2 Bd7 16. Rd2 b5 17. Kb1 Rb8 18. Rc1 c6 19. Nxe6+ Bxe6 20. Nb4 Rc8 21.
Rxd6+ Ke7 22. Rxc6 Nh6 23. cxb5  1-0

[Event "31. DSenEM2018-Gruppe-65"]
[Site "Radebeul"]
[Date "2019.04.27"]
[Round "2.76"]
[White "Semisch, Helga"]
[Black "Hellwege, Werner"]
[Result "0-1"]
[BlackElo "1845"]
[BlackTeam "HSK Lister Turm"]
[EventDate "2019.??.??"]
[PlyCount "34"]
[WhiteElo "1571"]
[WhiteTeam "ESV Lok Meiningen"]

1. d4 Nf6 2. e3 g6 3. Bd3 Bg7 4. Nd2 O-O 5. f4 d6 6. Ngf3 Nc6 7. a3 Re8 8. O-O
e5 9. Ng5 exd4 10. e4 h6 11. Ngf3 Ng4 12. Qe1 Ne3 13. Rf2 f5 14. Rb1 fxe4 15.
Bxe4 Bf5 16. Bd5+ Nxd5 17. Qd1 Ne3  0-1

[Event "31. DSenEM2018-Gruppe-65"]
[Site "Radebeul"]
[Date "2019.04.27"]
[Round "2.77"]
[White "Lekakh, Mikhail"]
[Black "Helm, Helga"]
[Result "1-0"]
[BlackElo "1614"]
[BlackTeam "SV Springer Leipzig"]
[EventDate "2019.??.??"]
[PlyCount "105"]
[WhiteElo "1841"]
[WhiteTeam "Oberbilker SV"]

1. e4 e5 2. Nf3 Nc6 3. Bb5 d6 4. Bxc6+ bxc6 5. h3 Nf6 6. d3 Bb7 7. Bg5 Be7 8.
Nbd2 h6 9. Be3 a6 10. Nc4 c5 11. Na5 Rb8 12. Nxb7 Rxb7 13. b3 Nd7 14. a4 Bf6
15. O-O O-O 16. Rb1 Qe7 17. Bc1 Rfb8 18. Nd2 Nb6 19. Qe2 Nxa4 20. Ra1 Nc3 21.
Qe1 Nb5 22. Rxa6 Ra7 23. Rxa7 Nxa7 24. Bb2 Qe8 25. Nc4 Nc6 26. Bc3 Nb4 27. Bxb4
cxb4 28. Ne3 Be7 29. Qa1 Ra8 30. Qb2 c6 31. Ra1 Rxa1+ 32. Qxa1 Qb8 33. Qa6 Qb5
34. Qxb5 cxb5 35. Nd5 Kf8 36. Nxb4 Ke8 37. Nd5 Kd7 38. Nxe7 Kxe7 39. b4 Kd7 40.
c4 Kc6 41. Kf1 g6 42. g4 g5 43. Ke2 f6 44. Kd2 Kb6 45. Kc2 Kc6 46. Kc3 Kb6 47.
d4 bxc4 48. Kxc4 Kc6 49. f3 Kb6 50. Kd5 Kc7 51. b5 Kb6 52. Kxd6 Kxb5 53. dxe5 
1-0

[Event "31. DSenEM2018-Gruppe-65"]
[Site "Radebeul"]
[Date "2019.04.27"]
[Round "2.78"]
[White "Ludwig, Richard"]
[Black "Krotofil, Kurt"]
[Result "0-1"]
[BlackElo "1840"]
[BlackTeam "Niendorfer TSV"]
[EventDate "2019.??.??"]
[PlyCount "76"]
[WhiteElo "1547"]
[WhiteTeam "SV Irxleben"]

1. e4 c5 2. c3 Nf6 3. e5 Nd5 4. d4 cxd4 5. cxd4 d6 6. Nf3 e6 7. Nc3 dxe5 8. dxe5
Bb4 9. Bd2 Nxc3 10. bxc3 Bc5 11. Bg5 Qxd1+ 12. Rxd1 O-O 13. Bd3 Bd7 14. O-O Ba4
15. Rd2 Nc6 16. Bc2 Bxc2 17. Rxc2 h6 18. Bh4 g5 19. Bg3 Rfd8 20. h3 Rd3 21. Nd2
Rxg3 22. Ne4 Rd3 23. Nxc5 Rd5 24. Ne4 Rxe5 25. Nf6+ Kg7 26. f4 Rf5 27. fxg5
Rxf1+ 28. Kxf1 hxg5 29. Ne4 Kg6 30. Rd2 Rd8 31. Re2 b6 32. Kf2 f5 33. Nd2 e5
34. Nf3 e4 35. Nd2 Rd3 36. Nb1 Ne5 37. Re3 Rd1 38. Re1 Nd3+  0-1

[Event "31. DSenEM2018-Gruppe-65"]
[Site "Radebeul"]
[Date "2019.04.27"]
[Round "2.79"]
[White "Andrijenko, Anatoliy"]
[Black "Thonig, Manfred"]
[Result "1-0"]
[BlackElo "1564"]
[EventDate "2019.??.??"]
[PlyCount "55"]
[WhiteElo "1828"]

1. e4 g6 2. d4 Bg7 3. Nf3 d6 4. Bf4 Nf6 5. Nc3 a6 6. h3 h6 7. Bd3 Nbd7 8. Qd2 g5
9. e5 dxe5 10. dxe5 Nc5 11. exf6 Nxd3+ 12. cxd3 Bxf6 13. Be3 c6 14. d4 b5 15.
Ne4 Bg7 16. Rd1 f5 17. Nexg5 hxg5 18. Bxg5 Be6 19. b3 Qc7 20. Bf4 Qb6 21. Ne5
Rd8 22. O-O c5 23. dxc5 Rxd2 24. cxb6 Rxd1 25. Rxd1 Bc8 26. Rc1 Bb7 27. Rc7
Bxe5 28. Bxe5  1-0

[Event "31. DSenEM2018-Gruppe-65"]
[Site "Radebeul"]
[Date "2019.04.27"]
[Round "2.80"]
[White "Siewert, Wolfgang"]
[Black "Bouma, Jan"]
[Result "1/2-1/2"]
[Annotator "lenovo"]
[BlackElo "1546"]
[BlackTeam "SF Korbach"]
[EventDate "2019.??.??"]
[PlyCount "43"]
[WhiteElo "1807"]
[WhiteTeam "SV Eiche Reichenbrand"]

1. Nf3 Nf6 2. c4 c5 3. Nc3 e6 4. g3 Nc6 5. Bg2 d5 6. cxd5 exd5 7. d4 c4 8. O-O
a6 9. Ne5 Be6 10. Nxc6 bxc6 11. b3 Qc7 12. Bf4 Bd6 13. Bxd6 Qxd6 14. Na4 O-O
15. Qc2 Nd7 16. Rfd1 Rab8 17. bxc4 dxc4 18. e4 Rb4 19. d5 cxd5 20. exd5 Bf5 21.
Qxf5 Rxa4 22. Qc2 { ( = )}   1/2-1/2

[Event "31. DSenEM2018-Gruppe-65"]
[Site "Radebeul"]
[Date "2019.04.27"]
[Round "2.81"]
[White "Ludwig, Siegfried"]
[Black "Kanibalotska, Elisabeth"]
[Result "0-1"]
[Annotator "lenovo"]
[BlackElo "1794"]
[BlackTeam "SV Lok Dresden"]
[EventDate "2019.??.??"]
[PlyCount "86"]
[WhiteElo "1536"]
[WhiteTeam "GSV Hemmingen"]

1. e4 d6 2. Nf3 Nf6 3. Nc3 g6 4. Bc4 e6 5. d3 Bg7 6. Ng5 h6 7. Nf3 Nc6 8. O-O
Na5 9. e5 dxe5 10. Nxe5 Nxc4 11. Nxc4 O-O 12. Bf4 Nd5 13. Qd2 Nxf4 14. Qxf4 a6
15. Rad1 b5 16. Qe4 Rb8 17. Na5 Qd6 18. d4 b4 19. Ne2 Rb5 20. Nc4 Qd5 21. Qxd5
exd5 22. Ne3 Re8 23. h3 h5 24. Rd3 c6 25. Ng3 h4 26. Ne2 g5 27. Re1 a5 28. b3
Be6 29. Kf1 Rb7 30. c4 dxc4 31. bxc4 Kf8 32. d5 cxd5 33. cxd5 Bd7 34. d6 Rc8
35. Rd5 Rb5 36. Red1 Rcc5 37. R5d3 Ke8 38. Nd4 Bxd4 39. Rxd4 f6 40. Nd5 Kf7 41.
Ne7 Rb6 42. Re1 Re5 43. Rc1 Rb7 44. Nc6 Bxc6 45. Rxc6 Rd7 46. g3 hxg3 47. fxg3
Ke6 48. h4 gxh4 49. gxh4 Rh5 50. Kf2 Rd5 51. Re4+ Kf5 52. Kf3 Rd3+ 53. Re3
R7xd6 54. Rc5+ R3d5 55. Rc4 Rd4 56. Rc5+ R6d5 57. Rxd5+ Rxd5 58. Kg3 Kg6 59. a3
Rc5 60. axb4 axb4 61. Kf2 Rc3 62. Re1 Rc2+ 63. Ke3 Rh2 64. Rg1+ Kf5 65. Rf1+
Ke5 66. Kd3 Rh3+ 67. Kc2 Rxh4 68. Rd1 f5 69. Kb3 Rd4 70. Re1+ Re4 71. Rd1 f4
72. Rd8 Kf5 73. Rf8+ Kg4 74. Rg8+ Kf3  0-1

[Event "31. DSenEM2018-Gruppe-65"]
[Site "Radebeul"]
[Date "2019.04.27"]
[Round "2.82"]
[White "Schumacher, Ursula"]
[Black "Jacob, Barbara"]
[Result "0-1"]
[Annotator "lenovo"]
[BlackElo "1776"]
[BlackTeam "SK Ochtrup"]
[EventDate "2019.??.??"]
[PlyCount "76"]
[WhiteElo "1507"]
[WhiteTeam "HTC Bad Neuenahr"]

1. c4 Nf6 2. Nc3 e5 3. Nf3 Nc6 4. g3 Be7 5. Bg2 d6 6. a3 O-O 7. b4 Rb8 8. e3 Bg4
9. Qc2 Qd7 10. O-O Bf5 11. d3 h6 12. Nh4 Bh7 13. f4 Ng4 14. Nf3 exf4 15. exf4
Bf6 16. h3 Nd4 17. Nxd4 Bxd4+ 18. Kh1 Nf6 19. Ra2 Rfe8 20. Ne2 Bb6 21. Kh2 Qf5
22. Rd1 Qh5 23. Ng1 Ng4+ 24. Kh1 Nf2+ 25. Kh2 Qxd1 26. Qxd1 Nxd1 27. Nf3 Nc3
28. Rc2 Ne2 29. Bf1 Bxd3 30. Rd2 Bxc4 31. Bxe2 Rxe2+ 32. Rxe2 Bxe2 33. Kg2
Bxf3+ 34. Kxf3 Re8 35. Kg4 Bd4 36. a4 Re2 37. Kf3 Rc2 38. Be3 Rc3  0-1

[Event "31. DSenEM2018-Gruppe-65"]
[Site "Radebeul"]
[Date "2019.04.27"]
[Round "2.83"]
[White "Fritsch, Jürgen"]
[Black "Geibel, Henning"]
[Result "1-0"]
[BlackElo "1392"]
[BlackTeam "SV Bargteheide"]
[EventDate "2019.??.??"]
[PlyCount "101"]
[WhiteElo "1751"]
[WhiteTeam "HSK Lister Turm"]

1. e4 e5 2. Bc4 Nf6 3. d3 Bc5 4. Nf3 d6 5. O-O h6 6. Nc3 Bg4 7. Nd5 Nc6 8. c3
O-O 9. b4 Bb6 10. a4 a5 11. b5 Ne7 12. Nxb6 cxb6 13. h3 Bh5 14. g4 Bg6 15. Qb3
h5 16. g5 Nh7 17. Be3 Nc8 18. Kh2 Kh8 19. Rg1 f6 20. Nh4 Qe8 21. gxf6 Rxf6 22.
Nxg6+ Rxg6 23. Rxg6 Qxg6 24. Rg1 Qf6 25. Bf7 h4 26. Qe6 Qxe6 27. Bxe6 Ne7 28.
Rg4 Re8 29. Bc4 Rd8 30. Bxb6 Rd7 31. Rxh4 Ng6 32. Rg4 Nf4 33. Be3 Ne2 34. Bd2
Rd8 35. d4 Rf8 36. Bxe2 Rxf2+ 37. Rg2 Rf7 38. Bh5 Rc7 39. Be2 b6 40. dxe5 dxe5
41. Be3 Rxc3 42. Bxb6 Ra3 43. Bd1 Nf6 44. Re2 Rd3 45. Bc2 Rf3 46. Bxa5 Nh5 47.
Bd2 Nf4 48. Bxf4 exf4 49. b6 Re3 50. Rxe3 fxe3 51. Bd1  1-0

[Event "31. DSenEM2018-Gruppe-65"]
[Site "Radebeul"]
[Date "2019.04.27"]
[Round "2.84"]
[White "Girod, Gudrun"]
[Black "Wenske, Hardy"]
[Result "0-1"]
[BlackElo "1747"]
[BlackTeam "Kieler SG"]
[EventDate "2019.??.??"]
[PlyCount "102"]
[WhiteElo "1487"]
[WhiteTeam "Hannover 96"]

1. d4 d5 2. Bf4 c6 3. Bxb8 Rxb8 4. c3 Nf6 5. e3 Bf5 6. Nf3 e6 7. Be2 Bd6 8. O-O
Qc7 9. Nbd2 h6 10. c4 Qe7 11. Qa4 a6 12. Ne5 Bxe5 13. dxe5 Nd7 14. cxd5 exd5
15. f4 O-O 16. Nf3 Be4 17. Nd2 f5 18. Nxe4 fxe4 19. Rac1 Rfd8 20. b4 Nf8 21. a3
Qe8 22. Qc2 Rd7 23. Bg4 Re7 24. Qc5 Ne6 25. Bxe6+ Rxe6 26. g3 Qe7 27. Qxe7 Rxe7
28. Rfd1 Kf7 29. Kg2 Rf8 30. g4 Ke6 31. Kg3 Rd7 32. Rd2 Rfd8 33. Rd4 Rc8 34.
Rd2 Rdc7 35. Rdc2 b6 36. a4 c5 37. bxc5 Rxc5 38. Rxc5 Rxc5 39. Rb1 Rc6 40. h4
g5 41. h5 b5 42. axb5 Rb6 43. Rf1 gxf4+ 44. Kxf4 axb5 45. g5 Rb8 46. Rb1 hxg5+
47. Kxg5 Kxe5 48. h6 d4 49. exd4+ Kxd4 50. h7 e3 51. Rxb5 Rxb5+  0-1

[Event "31. DSenEM2018-Gruppe-65"]
[Site "Radebeul"]
[Date "2019.04.27"]
[Round "2.85"]
[White "Andrasch, Peter"]
[Black "Walther, Renate"]
[Result "1-0"]
[BlackElo "1127"]
[BlackTeam "SK Herzogenaurach"]
[EventDate "2019.??.??"]
[PlyCount "93"]
[WhiteElo "1740"]
[WhiteTeam "SF Nordost Berlin"]

1. f4 d5 2. Nf3 Nc6 3. e3 Nf6 4. Be2 e6 5. O-O Bd6 6. d4 Qe7 7. a3 Ne4 8. Nbd2
Nxd2 9. Bxd2 f6 10. b4 a6 11. Bc3 O-O 12. Qd3 Bd7 13. Rae1 Na7 14. Bb2 a5 15.
bxa5 Nb5 16. a4 Na3 17. Nd2 Bxa4 18. Bxa3 Bxa3 19. Ra1 Bxc2 20. Qxc2 Rxa5 21.
Nb3 Ra7 22. Ra2 Rfa8 23. Rfa1 c6 24. Nd2 Qd6 25. Qb3 b5 26. Nb1 b4 27. Rc2 Rb8
28. Rc5 Qc7 29. e4 Qb7 30. exd5 cxd5 31. Qe3 Re8 32. Rb5 Qc7 33. Rc5 Qd6 34. g3
f5 35. Bb5 Rf8 36. Rc6 Qe7 37. Rxe6 Qf7 38. Bc6 Bb2 39. Rxa7 Qxa7 40. Bxd5 Qxd4
41. Rd6+ Kh8 42. Qxd4 Bxd4+ 43. Kf1 h6 44. Be6 Bc5 45. Rd5 b3 46. Rxc5 b2 47.
Bxf5  1-0